• 首页
  • 本馆介绍
  • 公告通知
  • 最新文献
  • 馆藏检索
  • 电子资源
  • 读者导购
  • 参考咨询
  • 我的图书馆
  • 登录
  • 详细信息显示
  • 放入我的书架
  • 预约/预借图书
  • 作者相关作品
  • 分类相关作品
  • 丛书相关作品
  • 出版社相关作品

书目信息

  • 表格格式
  • 工作单格式
  • 卡片格式
书名: Readings in social sciences
作者: Jeff B.Diamond.
分册号:
分册名:
出版地: Anambra State, Nigeria :
 
出版社: Mekslink Publishers
出版时间: 1996.
页数: 131 ;
开本: 26m.
丛书名:
中图分类号:
科图分类号:
其他分类号: C0
主题词:
电子资源:
000 00874nam a2200289 a 450
001 E0734104578
005 20070513093440.29
008 940112s1996 b 000 0 eng
010    @a94104719
020    @a0070167354.
035    @A(DLC) 94104719
040    @aDLC@cDLC
043    @af-nr---
050 00 @aH53.N6@bA37 1991
082 00 @a300@2 20
090    @aC0
099    @dC0@ex6
100 1  @aAgbodike, C. C.
245 10 @aReadings in social sciences / @cJeff B.Diamond.
260    @aAnambra State, Nigeria :@bMekslink Publishers,@c1996.
300    @a131 ;@c26m.
504    @aIncludes bibliographical references.
650  0 @aSocial sciences@zNigeria.
906    @a7@bcbc@corignew@d3@encip@f19@gy-gencatlg
922    @aap
955    @aud05 to cat 01-12-94; se15 02-18-94; se02 02-25-94; se50 04-04-94
991    @bc-GenColl@hH53.N6@iA37 1991@tCopy 1@wBOOKS
    
    Readings in social sciences / / Jeff B.Diamond.-Anambra State, Nigeria : : Mekslink Publishers, , 1996.
    131 ; ; 26m.
    Includes bibliographical references.
    
    ISBN 0070167354.
    
●
相关链接 在E读中查询图书 在五车中查询图书 在当当中查询图书 在豆瓣中查询图书


正题名:Readings in social sciences     索取号:C0/x6         预约/预借

序号 登录号 条形码 馆藏地/架位号 状态 备注
1 0008304   300083040   第二样本阅览室/ [索取号:C0/x6] 在馆    
唐山师范学院图书馆 欢迎您!
大连网信软件有限公司© 版权所有